[Event "3rd QCP Open &amp; Fort Worth Ch"]
[Site "Fort Worth, TX"]
[Date "2020.07.18"]
[Round "2"]
[White "Amburgy, Chris"]
[Black "Black, Kendall"]
[Result "1/2-1/2"]
[WhiteElo "1474"]
[BlackElo "1652"]
[Annotator "Louis,Reed"]
[PlyCount "133"]
[EventDate "2020.07.18"]
[EventType "swiss"]
[EventRounds "5"]
[EventCountry "USA"]

1. d4 Nf6 2. Nc3 g6 3. Bf4 d6 4. e4 Bg7 5. Qd2 c6 6. Bh6 Bxh6 7. Qxh6 Qa5 8.
Bd3 b5 9. Qd2 Nbd7 10. Nb1 Qxd2+ 11. Nxd2 O-O 12. Ngf3 Bb7 13. O-O e5 14. c4
exd4 15. cxb5 c5 16. Rfe1 Rfe8 17. Re2 Ne5 18. Nxe5 dxe5 19. Rc1 Rac8 20. Nc4
Re6 21. a4 Nd7 22. a5 Kg7 23. Rf1 Rf8 24. f4 exf4 25. Rxf4 Ne5 26. Nxe5 Rxe5
27. Ref2 Re7 28. b3 Rfe8 29. Bc4 Bxe4 30. Rxf7+ Kh6 31. Rxe7 Rxe7 32. Re2 Kg5
33. Bd3 Kf4 34. Kf2 Bxd3 35. Rxe7 Bxb5 36. g3+ Kf5 37. h3 a6 38. Rc7 Ke4 39.
Rxc5 Bd7 40. g4 d3 41. Rc4+ Ke5 42. Ke3 Bb5 43. Rc5+ Kd6 44. Rxb5 axb5 45. Kxd3
Kc5 46. b4+ Kc6 47. Kd4 Kd6 48. a6 Kc6 49. a7 Kb7 50. Kc5 Kxa7 51. Kxb5 Kb7 52.
Kc5 Kc7 53. b5 h5 54. gxh5 $2 {Two other moves were winning} (54. g5) (54. Kd5)
54... gxh5 55. b6+ Kb7 56. Kd6 Kxb6 57. Ke6 Kc6 58. h4 Kc7 59. Ke7 Kc8 60. Kf7
Kd8 61. Kg6 Ke8 62. Kxh5 Kf8 63. Kh6 Kg8 64. Kg5 Kg7 65. h5 Kg8 66. Kh4 Kh7 67.
Kg5 1/2-1/2

[Event "3rd QCP Open &amp; Fort Worth Ch"]
[Site "Fort Worth, TX"]
[Date "2020.07.18"]
[Round "3"]
[White "Woodward, Andy"]
[Black "Steiner, Tim"]
[Result "0-1"]
[WhiteElo "2169"]
[BlackElo "2040"]
[Annotator "Root, Alexey"]
[PlyCount "130"]
[EventDate "2020.07.18"]
[EventType "swiss"]
[EventRounds "5"]
[EventCountry "USA"]

1. d4 d5 2. c4 e6 3. Nc3 c6 4. e4 dxe4 5. Nxe4 Bb4+ 6. Bd2 Qxd4 7. Bxb4 Qxe4+
8. Ne2 Na6 9. Bf8 Ne7 10. Bxg7 Nb4 11. Qd6 Nd3+ 12. Kd2 Nf5 13. Qxd3 Qxd3+ 14.
Kxd3 Nxg7 15. Nc3 e5 16. Re1 Bf5+ 17. Kd2 O-O-O+ 18. Kc1 f6 19. Be2 Ne6 20. Rd1
Rd4 21. Rd2 Nf4 22. Rhd1 Nxe2+ 23. Rxe2 Rxc4 24. Rd6 Rf8 25. Re3 Rd4 26. Rxd4
exd4 27. Rf3 Bg6 28. Nb1 Re8 29. Na3 Re6 30. g4 b6 31. h4 Kd7 32. h5 Be4 33.
Rf4 c5 34. Kd2 h6 35. Nc4 b5 36. Na3 Kd6 37. f3 (37. Nxb5+ Ke5 {Trapping the R.
}) 37... Bh7 38. g5 hxg5 39. Rg4 Kc6 40. h6 a5 41. Nc2 Bxc2 42. Kxc2 Re2+ 43.
Kc1 Rh2 44. f4 Rxh6 45. fxg5 Rg6 46. Rf4 fxg5 47. Rg4 Kd5 48. Kc2 Ke5 49. a3 a4
50. b3 axb3+ 51. Kxb3 c4+ 52. Kc2 d3+ 53. Kc3 Kf5 54. Rd4 g4 55. Rd5+ Ke4 56.
Rxb5 g3 57. Rb1 g2 58. Rg1 Ke3 59. Kxc4 d2 60. Kc3 Rc6+ 61. Kb2 Rc1 62. Rxg2
d1=Q 63. a4 Rb1+ 64. Ka3 Qd3+ 65. Ka2 Qb3# 0-1

[Event "3rd QCP Open &amp; Fort Worth Ch"]
[Site "Fort Worth, TX"]
[Date "2020.07.18"]
[Round "3"]
[White "Tipton, Eric"]
[Black "Amburgy, Ryan"]
[Result "0-1"]
[WhiteElo "1794"]
[BlackElo "1846"]
[PlyCount "62"]
[EventDate "2020.07.18"]
[EventType "swiss"]
[EventRounds "5"]
[EventCountry "USA"]

1. e4 e5 2. Nf3 Nc6 3. Bc4 Bc5 4. b4 Bb6 5. a4 a6 6. c3 d6 7. Qb3 Qe7 8. d3 Nf6
9. Bg5 O-O 10. Nbd2 Be6 11. Nf1 Ba7 12. Ne3 h6 13. Bh4 Rac8 14. Rg1 Bxe3 15.
fxe3 Bxc4 16. Qxc4 Qe6 17. Bxf6 Qxf6 18. O-O-O Ne7 19. Rdf1 c5 20. b5 axb5 21.
axb5 Ra8 22. Kb2 Nc8 23. Qb3 Nb6 24. c4 Qg6 25. g4 Ra5 26. g5 Qh5 27. Rg3 f5
28. Qc2 Rfa8 29. Qb3 fxe4 30. dxe4 Ra4 31. Rc1 Rb4 0-1

[Event "3rd QCP Open &amp; Fort Worth Ch"]
[Site "Fort Worth, TX"]
[Date "2020.07.18"]
[Round "3"]
[White "Deviprasath, Sharvesh"]
[Black "Abrams, Greyson"]
[Result "1-0"]
[WhiteElo "1977"]
[BlackElo "1459"]
[PlyCount "117"]
[EventDate "2020.07.18"]
[EventType "swiss"]
[EventRounds "5"]
[EventCountry "USA"]

1. b3 d5 2. Bb2 Nc6 3. Nf3 Nf6 4. e3 Bg4 5. Bb5 e6 6. h3 Bxf3 7. Qxf3 Be7 8. d3
Qd7 9. Nd2 a6 10. Bxc6 Qxc6 11. O-O-O O-O-O 12. Qe2 b5 13. f4 Qb6 14. Nf3 Qa5
15. Kb1 Qb6 16. Ne5 Rhf8 17. g4 Ne8 18. g5 f6 19. gxf6 Bxf6 20. Rhg1 g6 21. h4
Ng7 22. Rg2 Nf5 23. d4 Bxh4 24. Rh2 Qd6 25. Rdh1 Ng3 26. Qg4 Nxh1 27. Qxh4 Rf5
28. Rxh1 Rh5 29. Qe1 Rf8 30. Rxh5 gxh5 31. Bc3 Qd8 32. Bb4 Rf5 33. Nc6 Qf6 34.
Ne7+ Kb7 35. Nxf5 Qxf5 36. Qh4 Qe4 37. Qxh5 Qxe3 38. Qe5 Qg1+ 39. Kb2 Qg6 40.
Qg5 Qe4 41. Bc3 b4 42. Bxb4 Qxd4+ 43. Bc3 Qe4 44. Qg7 Qe3 45. Bd4 Qe4 46. Be5
Ka8 47. Qxc7 Qb4 48. Qc8+ Ka7 49. Qd7+ Ka8 50. Qxe6 d4 51. Qd5+ Ka7 52. Qxd4+
Qxd4+ 53. Bxd4+ Kb7 54. Kc3 Kc6 55. Kc4 a5 56. a4 h5 57. Be5 h4 58. f5 Kd7 59.
b4 1-0

[Event "3rd QCP Open &amp; Fort Worth Ch"]
[Site "Fort Worth, TX"]
[Date "2020.07.18"]
[Round "3"]
[White "Hollingsworth, Jim"]
[Black "Graham, Shaun"]
[Result "0-1"]
[WhiteElo "1800"]
[BlackElo "1813"]
[PlyCount "61"]
[EventDate "2020.07.18"]
[EventType "swiss"]
[EventRounds "5"]
[EventCountry "USA"]

1. e4 g6 2. Nf3 Bg7 3. c3 d6 4. Be2 b6 5. O-O Bb7 6. d3 e6 7. Qc2 Ne7 8. Be3
Nd7 9. Nbd2 O-O 10. Nb3 Nf6 11. h3 e5 12. Rad1 Qe8 13. Nh2 d5 14. f3 Nh5 15.
Bf2 f5 16. Nc1 Nf4 17. Bg3 Bh6 18. Rfe1 Qf7 19. Rf1 Qf6 20. Rfe1 Nh5 21. Bf2
Qg5 22. h4 Qf6 23. g3 Bc8 24. Kh1 Kh8 25. Bf1 fxe4 26. dxe4 dxe4 27. Nb3 e3 28.
Ng4 Bxg4 29. fxg4 exf2 30. gxh5 fxe1=Q 31. Rxe1 0-1

[Event "3rd QCP Open &amp; Fort Worth Ch"]
[Site "Fort Worth, TX"]
[Date "2020.07.18"]
[Round "3"]
[White "Bufford, Adley"]
[Black "Feldman, Konner"]
[Result "0-1"]
[WhiteElo "1772"]
[BlackElo "2054"]
[PlyCount "52"]
[EventDate "2020.07.18"]
[EventType "swiss"]
[EventRounds "5"]
[EventCountry "USA"]

1. d4 Nf6 2. Nf3 g6 3. Bg5 Bg7 4. Nbd2 d6 5. e4 h6 6. Bf4 g5 7. Bg3 Nh5 8. c3
c5 9. Bc4 g4 10. Nh4 cxd4 11. Bb5+ Nc6 12. Bxc6+ bxc6 13. cxd4 Nxg3 14. hxg3
Qb6 15. Nb3 a5 16. a4 Qb4+ 17. Kf1 Rb8 18. Ra3 c5 19. e5 c4 20. Nc1 Qxb2 21.
Re3 dxe5 22. dxe5 Bxe5 23. Qe1 Bf6 24. Kg1 Qa1 25. Kh2 Rb1 26. Qd1 Bg5 0-1

[Event "3rd QCP Open &amp; Fort Worth Ch"]
[Site "Fort Worth, TX"]
[Date "2020.07.18"]
[Round "3"]
[White "Morales, Stephen"]
[Black "Wenz, William"]
[Result "1-0"]
[WhiteElo "1690"]
[BlackElo "2001"]
[PlyCount "49"]
[EventDate "2020.07.18"]
[EventType "swiss"]
[EventRounds "5"]
[EventCountry "USA"]

1. e4 Nf6 2. e5 Nd5 3. d4 d6 4. Nf3 Bg4 5. Be2 Nc6 6. h3 Bh5 7. c4 Nb6 8. d5
Bxf3 9. exd6 Bxe2 10. Qxe2 Nb8 11. dxc7 Qxc7 12. b3 N8d7 13. Bb2 O-O-O 14. O-O
Nc5 15. Nc3 e6 16. dxe6 Nxe6 17. Rfd1 Rxd1+ 18. Rxd1 Bb4 19. Re1 a6 20. Nd5
Nxd5 21. cxd5 Nf4 22. Qg4+ Kb8 23. Be5 Bd6 24. Qxf4 Bxe5 25. Rxe5 1-0

[Event "3rd QCP Open &amp; Fort Worth Ch"]
[Site "Fort Worth, TX"]
[Date "2020.07.18"]
[Round "3"]
[White "Smith, Alan"]
[Black "Root, Alexey"]
[Result "0-1"]
[WhiteElo "1667"]
[BlackElo "2000"]
[Annotator "Root, Alexey"]
[PlyCount "48"]
[EventDate "2020.07.18"]
[EventType "swiss"]
[EventRounds "5"]
[EventCountry "USA"]

1. d4 d6 2. Nf3 g6 3. e4 Bg7 4. Nc3 a6 5. Bf4 b5 6. a3 Bb7 7. Qd2 Nd7 8. Be2 c5
9. Rd1 (9. d5 b4 10. axb4 cxb4 11. Na4 a5) 9... b4 10. Nd5 bxa3 11. bxa3 cxd4
12. Qb4 Rb8 13. Nxe7 Bxe4 14. Qxd6 Rb6 15. Qc7 Nxe7 16. Ng5 Qxc7 17. Bxc7 Bxc2
18. Bxb6 Bxd1 19. Bxa6 Nxb6 20. Bb5+ Kf8 21. Kxd1 h6 22. Nf3 Bf6 23. Kd2 Nbd5
24. a4 Kg7 0-1

[Event "3rd QCP Open &amp; Fort Worth Ch"]
[Site "Fort Worth, TX"]
[Date "2020.07.18"]
[Round "3"]
[White "Xu, Jayden"]
[Black "Deo, Shreyas"]
[Result "0-1"]
[WhiteElo "1818"]
[BlackElo "1244"]
[Annotator "Reed, Louis"]
[PlyCount "106"]
[EventDate "2020.07.18"]
[EventType "swiss"]
[EventRounds "5"]
[EventCountry "USA"]

1. d4 d6 2. c4 Nf6 3. Nc3 g6 4. e4 Bg7 5. Nge2 O-O 6. Ng3 c5 7. d5 Bd7 8. Be2
Na6 9. h4 h5 10. Be3 Nc7 11. Qd2 Qc8 12. O-O-O a6 13. Rdg1 b5 14. Nf1 b4 15.
Nb1 Nxe4 16. Qc2 Bf5 17. Bd3 Nf6 18. Ng3 Bxd3 19. Qxd3 Ng4 20. Bg5 Nxf2 21. Qf3
Nxh1 22. Rxh1 Qg4 23. Bxe7 Qxc4+ 24. Kd1 Rfe8 25. Bxd6 Qxd5+ 26. Qxd5 Nxd5 27.
Bxc5 Bxb2 28. Kc2 Rac8 29. Kxb2 Rxc5 30. Nd2 Re3 31. Nde4 Rc6 32. Rd1 Nc3 33.
Rd8+ Kg7 34. Re8 Nxe4 (34... Na4+ $142 {this was the shorter route to victory}
35. Kb1 (35. Ka1 Rc1#) 35... Re1#) 35. Nxe4 Re6 36. Rxe6 fxe6 37. Nc5 Re2+ 38.
Kb3 Rxg2 39. Nxe6+ Kf6 40. Nc5 Rg4 41. Nxa6 Rxh4 42. Nxb4 Re4 43. a4 h4 44. a5
h3 45. Nd3 Re6 46. Nf2 Kf5 47. Kb4 h2 48. Kb5 Re2 49. Nh1 Ra2 50. a6 Kf4 51. a7
Rxa7 52. Nf2 Ra2 53. Nd3+ Kg3 0-1

[Event "3rd QCP Open &amp; Fort Worth Ch"]
[Site "Fort Worth, TX"]
[Date "2020.07.18"]
[Round "3"]
[White "Crane, Thomas"]
[Black "Fukuchi, Curtis"]
[Result "0-1"]
[WhiteElo "1454"]
[BlackElo "1781"]
[PlyCount "52"]
[EventDate "2020.07.18"]
[EventType "swiss"]
[EventRounds "5"]
[EventCountry "USA"]

1. e4 c5 2. Nf3 d6 3. d4 cxd4 4. Nxd4 Nf6 5. Nc3 g6 6. Be3 Bg7 7. Bc4 O-O 8. f3
Nc6 9. Qd2 Bd7 10. O-O-O Rc8 11. Bb3 Nxd4 12. Bxd4 b5 13. Bxa7 b4 14. Nd5 Nxd5
15. exd5 Qa5 16. Bd4 Ba4 17. Kb1 Bxb3 18. cxb3 Bxd4 19. Qxd4 Ra8 20. a3 bxa3
21. bxa3 Qxa3 22. Qb2 Rfb8 23. Rd3 Qb4 24. Rc1 Ra3 25. Rcc3 Rba8 26. g3 Qa5 0-1

[Event "3rd QCP Open &amp; Fort Worth Ch"]
[Site "Fort Worth, TX"]
[Date "2020.07.18"]
[Round "3"]
[White "Heise, Robert"]
[Black "Teng, Benjamin"]
[Result "1-0"]
[WhiteElo "1567"]
[BlackElo "1728"]
[PlyCount "91"]
[EventDate "2020.07.18"]
[EventType "swiss"]
[EventRounds "5"]
[EventCountry "USA"]

1. e4 c5 2. Nf3 Nc6 3. d4 cxd4 4. Nxd4 g6 5. c4 Bg7 6. Be3 Nf6 7. Nc3 O-O 8.
Be2 d6 9. O-O Ne5 10. h3 Nfd7 11. Rc1 b6 12. f4 Bb7 13. fxe5 Nxe5 14. b3 Nd7
15. Bf3 Rc8 16. Qd2 Re8 17. Nd5 Ne5 18. Nb5 Nc6 19. Bg4 Rb8 20. Rf2 e6 21. Ndc3
Be5 22. Bf4 a6 23. Bxe5 dxe5 24. Nd6 Re7 25. Nxb7 Rexb7 26. Qxd8+ Rxd8 27. Rd1
Rxd1+ 28. Bxd1 f5 29. exf5 exf5 30. Nd5 Kf7 31. g4 f4 32. Bc2 Ne7 33. Be4 Rb8
34. Nxe7 Kxe7 35. Rd2 Rd8 36. Rxd8 Kxd8 37. b4 Kd7 38. Kf1 Kd6 39. Ke2 b5 40.
c5+ Ke6 41. g5 Kf7 42. Kf3 Ke6 43. a3 Kd7 44. Bb7 Ke6 45. h4 Kf5 46. Bc8# 1-0

[Event "3rd QCP Open &amp; Fort Worth Ch"]
[Site "Fort Worth, TX"]
[Date "2020.07.18"]
[Round "3"]
[White "Schwetke, Douglas"]
[Black "Davis, Timothy"]
[Result "1-0"]
[WhiteElo "1500"]
[BlackElo "1349"]
[PlyCount "117"]
[EventDate "2020.07.18"]
[EventType "swiss"]
[EventRounds "5"]
[EventCountry "USA"]

1. d4 d5 2. c4 Nc6 3. Nc3 e6 4. Nf3 Bb4 5. Bg5 Bxc3+ 6. bxc3 f6 7. Bh4 Nge7 8.
e3 e5 9. dxe5 fxe5 10. cxd5 Qxd5 11. Qa4 Qc5 12. Qb3 h6 13. Be2 Bg4 14. Rd1 e4
15. Nd4 Bxe2 16. Nxe2 Rd8 17. O-O Rxd1 18. Rxd1 Qh5 19. Bxe7 Qxe2 20. Bc5 Qg4
21. h3 Qg5 22. Qe6+ Ne7 23. Rd5 Qf6 24. Qd7+ Kf7 25. Bxe7 Qe6 26. Rf5+ Qxf5 27.
Qxf5+ Kxe7 28. Qxe4+ Kd7 29. Qxb7 a5 30. Qb5+ Kd6 31. Qxa5 c6 32. Qb4+ c5 33.
Qb5 g5 34. a4 h5 35. a5 h4 36. a6 Rh7 37. a7 Rh8 38. Qb8+ Rxb8 39. axb8=Q+ Kd5
40. Qb3+ c4 41. Qb5+ Ke4 42. Qxc4+ Ke5 43. Kf1 Kf5 44. Ke2 Ke5 45. Kd3 Kf5 46.
Qc5+ Kg6 47. Ke4 Kh5 48. Qc8 Kg6 49. Qe8+ Kf6 50. Qe5+ Kf7 51. Qd6 g4 52. c4
gxh3 53. gxh3 Kg7 54. c5 Kf7 55. c6 Kg7 56. c7 Kf7 57. c8=R Kg7 58. Rc7+ Kg8
59. Qd8# 1-0

[Event "3rd QCP Open &amp; Fort Worth Ch"]
[Site "Fort Worth, TX"]
[Date "2020.07.18"]
[Round "3"]
[White "Chryst, Thomas"]
[Black "Amburgy, Chris"]
[Result "0-1"]
[WhiteElo "1613"]
[BlackElo "1474"]
[PlyCount "72"]
[EventDate "2020.07.18"]
[EventType "swiss"]
[EventRounds "5"]
[EventCountry "USA"]

1. e4 e5 2. f4 c6 3. Nf3 d5 4. exd5 e4 5. Ng5 cxd5 6. Bb5+ Bd7 7. Bxd7+ Qxd7 8.
O-O Nh6 9. Qe2 Bc5+ 10. Kh1 O-O 11. d3 f6 12. Nh3 Re8 13. dxe4 Rxe4 14. Qd3 Nc6
15. Nc3 Rd4 16. Qf3 Nf5 17. g4 Nh4 18. Qg3 Ng6 19. Be3 Rc4 20. Bxc5 Rxc5 21.
Rad1 d4 22. Rd2 Re8 23. f5 Nf8 24. Nf4 Nb4 25. Rfd1 Qc6+ 26. Kg1 dxc3 27. Rd6
Qb5 28. b3 Nxc2 29. R1d3 Rce5 30. Rxc3 Re1+ 31. Qxe1 Rxe1+ 32. Kg2 Qf1+ 33. Kg3
Qg1+ 34. Ng2 Ne3 35. Rd2 Nf1+ 36. Kf3 Nxh2+ 0-1

[Event "3rd QCP Open &amp; Fort Worth Ch"]
[Site "Fort Worth, TX"]
[Date "2020.07.18"]
[Round "3"]
[White "Llewellyn, Brandon"]
[Black "Larsen, James"]
[Result "1-0"]
[WhiteElo "1380"]
[BlackElo "1500"]
[PlyCount "59"]
[EventDate "2020.07.18"]
[EventType "swiss"]
[EventRounds "5"]
[EventCountry "USA"]

1. d4 Nf6 2. Bf4 e6 3. Nf3 d5 4. e3 c5 5. c3 Nc6 6. Bd3 cxd4 7. exd4 Bd6 8. Bg3
O-O 9. Nbd2 Re8 10. Ne5 a6 11. Ndf3 Nd7 12. Nxc6 bxc6 13. Bxd6 Nf6 14. Bg3 Qb6
15. Qb3 Qxb3 16. axb3 Bb7 17. O-O Rec8 18. b4 Nh5 19. Ne5 Nxg3 20. fxg3 f6 21.
Nd7 Re8 22. Nc5 e5 23. Nxb7 e4 24. Bxa6 e3 25. Rfe1 e2 26. Kf2 Re7 27. Rxe2
Rxb7 28. Re8+ Rxe8 29. Bxb7 Re6 30. b5 1-0

[Event "3rd QCP Open &amp; Fort Worth Ch"]
[Site "Fort Worth, TX"]
[Date "2020.07.19"]
[Round "4"]
[White "Steiner, Tim"]
[Black "Amburgy, Ryan"]
[Result "0-1"]
[WhiteElo "2040"]
[BlackElo "2133"]
[Annotator "Root, Alexey"]
[PlyCount "80"]
[EventDate "2020.07.18"]
[EventType "swiss"]
[EventRounds "5"]
[EventCountry "USA"]

1. d4 Nf6 2. c4 e6 3. g3 d5 4. Bg2 Bb4+ 5. Bd2 Bd6 6. Nf3 O-O 7. O-O c6 8. b3
Nbd7 9. Bc3 Ne4 10. Bb2 f5 11. Nbd2 b6 12. Ne5 Nxe5 13. dxe5 Bc5 14. Nxe4 fxe4
15. Bd4 Qg5 16. f4 exf3 17. exf3 Qxe5 18. Bxc5 bxc5 19. f4 Qf6 20. Qc2 Ba6 21.
Rac1 Rab8 22. Rfd1 Rfc8 23. Qf2 dxc4 24. bxc4 Rb2 25. Qxc5 Rxa2 26. Rd4 Qf8 27.
Qe5 Qf7 28. Qc5 Qc7 29. Re1 Ra5 30. Qd6 Qxd6 31. Rxd6 Bxc4 32. Bh3 Rc7 33.
Bxe6+ Bxe6 34. Rexe6 c5 35. f5 c4 36. g4 c3 37. Re8+ Kf7 38. Rdd8 c2 39. Rf8+
Ke7 40. Rfe8+ Kf6 {And White resigned.} 0-1

[Event "3rd QCP Open &amp; Fort Worth Ch"]
[Site "Fort Worth, TX"]
[Date "2020.07.19"]
[Round "4"]
[White "Graham, Shaun"]
[Black "Deviprasath, Sharvesh"]
[Result "1-0"]
[WhiteElo "1813"]
[BlackElo "1977"]
[PlyCount "85"]
[EventDate "2020.07.18"]
[EventType "swiss"]
[EventRounds "5"]
[EventCountry "USA"]

1. c4 g6 2. g3 Bg7 3. Bg2 Nf6 4. Nc3 O-O 5. d3 d6 6. e4 c5 7. Nge2 Nc6 8. O-O
a6 9. h3 Ne8 10. f4 Rb8 11. Be3 b5 12. Qd2 Nc7 13. cxb5 Nxb5 14. Nxb5 Rxb5 15.
Nc3 Rb6 16. Rab1 Nd4 17. Ne2 e5 18. Nc3 f5 19. Nd5 Rb8 20. b4 Be6 21. bxc5 Rxb1
22. Rxb1 Bxd5 23. exd5 dxc5 24. fxe5 Bxe5 25. Bf4 Bxf4 26. gxf4 Re8 27. Re1
Rxe1+ 28. Qxe1 Qd6 29. Qe5 Qxe5 30. fxe5 Ne2+ 31. Kf2 Nf4 32. e6 Kf8 33. Kg3
Nxd3 34. d6 Ne5 35. Kf4 Nd3+ 36. Ke3 Ne5 37. Bf1 Nc6 38. Bxa6 Nd4 39. Bc4 g5
40. a4 h5 41. e7+ Ke8 42. Bb5+ Nxb5 43. axb5 1-0

[Event "3rd QCP Open &amp; Fort Worth Ch"]
[Site "Fort Worth, TX"]
[Date "2020.07.19"]
[Round "4"]
[White "Fukuchi, Curtis"]
[Black "Woodward, Andy"]
[Result "0-1"]
[WhiteElo "1811"]
[BlackElo "2169"]
[PlyCount "76"]
[EventDate "2020.07.18"]
[EventType "swiss"]
[EventRounds "5"]
[EventCountry "USA"]

1. e4 c5 2. Nf3 d6 3. Bb5+ Nd7 4. Ba4 Ngf6 5. O-O g6 6. Re1 Bg7 7. e5 dxe5 8.
Nxe5 O-O 9. Nxd7 Bxd7 10. Bxd7 Qxd7 11. d3 Nd5 12. Nd2 b5 13. Ne4 Rac8 14. Rb1
c4 15. d4 Nb4 16. a3 Nc6 17. c3 Qf5 18. Bd2 Rcd8 19. Ng3 Qd5 20. Be3 a5 21. Qf3
Qxf3 22. gxf3 e5 23. dxe5 Nxe5 24. Kg2 Nd3 25. Re2 Rfe8 26. Rd2 Rxe3 27. fxe3
Nf4+ 28. exf4 Rxd2+ 29. Kg1 f5 30. Nf1 Re2 31. Ng3 Rc2 32. Nf1 Bf8 33. Kh1 Re2
34. Ng3 Rf2 35. b3 Rxf3 36. bxc4 bxc4 37. Rb5 Rxc3 38. Rxa5 Rxa3 0-1

[Event "3rd QCP Open &amp; Fort Worth Ch"]
[Site "Fort Worth, TX"]
[Date "2020.07.19"]
[Round "4"]
[White "Feldman, Konner"]
[Black "Morales, Stephen"]
[Result "1-0"]
[WhiteElo "2054"]
[BlackElo "1690"]
[PlyCount "93"]
[EventDate "2020.07.18"]
[EventType "swiss"]
[EventRounds "5"]
[EventCountry "USA"]

1. d4 Nf6 2. Nc3 d5 3. Bf4 Bf5 4. f3 e6 5. g4 Bg6 6. h4 h6 7. e3 Bd6 8. Nge2
Nc6 9. Bxd6 Qxd6 10. Nf4 O-O-O 11. Nb5 Qb4+ 12. c3 Qe7 13. Qa4 a6 14. Nxg6 fxg6
15. Na3 Nb8 16. b4 Qd7 17. b5 Qd6 18. Kf2 Nfd7 19. bxa6 bxa6 20. Rb1 Nb6 21.
Bxa6+ Nxa6 22. Qxa6+ Kd7 23. Nb5 Qc6 24. Na7 Qc4 25. Rb5 Qxc3 26. Rc5 Qd2+ 27.
Kg3 Qxe3 28. Qb5+ Ke7 29. Rxc7+ Kf6 30. Qxb6 g5 31. Qb4 Qf4+ 32. Kg2 Qxc7 33.
Nb5 Qc4 34. Qb1 Rb8 35. h5 Qe2+ 36. Kg3 Rxb5 37. Qg6+ Ke7 38. Qxg7+ Kd6 39.
Qxh8 Qe3 40. Qf8+ Kc6 41. a4 Rb3 42. Rh2 Qe1+ 43. Rf2 Rb2 44. Qc8+ Kd6 45. Qa6+
Ke7 46. Qf1 Rxf2 47. Qxe1 1-0

[Event "3rd QCP Open &amp; Fort Worth Ch"]
[Site "Fort Worth, TX"]
[Date "2020.07.19"]
[Round "4"]
[White "Deo, Shreyas"]
[Black "Root, Alexey"]
[Result "0-1"]
[WhiteElo "1244"]
[BlackElo "2000"]
[Annotator "Root, Alexey"]
[PlyCount "94"]
[EventDate "2020.07.18"]
[EventType "swiss"]
[EventRounds "5"]
[EventCountry "USA"]

1. Nf3 g6 2. d4 d6 3. c4 Bg7 4. g3 Nf6 5. Nc3 O-O 6. Bg2 Nc6 7. O-O e5 8. dxe5
dxe5 9. Qxd8 Rxd8 10. Bg5 Be6 11. c5 h6 12. Be3 Ng4 13. Rfd1 Nxe3 14. fxe3 Nb4
15. a3 Nc2 16. Rxd8+ Rxd8 17. Rd1 Rxd1+ 18. Nxd1 c6 (18... e4 19. Nh4 Bd5 {was
even better than the game line.}) 19. Nd2 f5 20. e4 Bf8 21. exf5 Bxc5+ 22. Kf1
gxf5 23. e4 f4 24. Bf3 (24. Nf3 Bc4#) 24... a5 25. Bg2 Kg7 26. Bf3 Kf6 27. gxf4
exf4 28. h4 Bh3+ 29. Ke2 Nd4+ 30. Kd3 Nxf3 31. Nxf3 Bg4 32. Ke2 a4 33. Nc3 b5
34. e5+ Kf5 35. Nd1 Bd4 36. Nc3 h5 37. Nd1 Ke4 38. Nf2+ Bxf2 39. Kxf2 Bxf3 40.
e6 Bg4 41. e7 Bd7 42. Kg2 c5 43. Kf2 b4 44. Ke2 bxa3 45. bxa3 c4 46. Kd2 f3 47.
Ke1 c3 {And White resigned.} 0-1

[Event "3rd QCP Open &amp; Fort Worth Ch"]
[Site "Fort Worth, TX"]
[Date "2020.07.19"]
[Round "4"]
[White "Amburgy, Chris"]
[Black "Hollingsworth, Jim"]
[Result "0-1"]
[WhiteElo "1474"]
[BlackElo "1800"]
[PlyCount "149"]
[EventDate "2020.07.18"]
[EventType "swiss"]
[EventRounds "5"]
[EventCountry "USA"]

1. d4 Nf6 2. Nc3 e6 3. Bf4 Be7 4. e4 d6 5. Nf3 O-O 6. Be2 c6 7. O-O Nbd7 8. Qd2
Qc7 9. Rad1 e5 10. dxe5 dxe5 11. Bg3 Bb4 12. Bd3 a6 13. a3 Be7 14. b4 b6 15.
Nh4 Nh5 16. Nf5 Bf6 17. Be2 Nxg3 18. fxg3 b5 19. Qd6 Qb6+ 20. Kh1 Qb7 21. Bg4
Nb6 22. Nh6+ gxh6 23. Bxc8 Qxc8 24. Qxf6 Qe6 25. Rd6 Qxf6 26. Rdxf6 Nc4 27. Nb1
Ne3 28. Rc1 Kg7 29. Rxc6 Rfc8 30. Rxc8 Rxc8 31. c3 Rd8 32. Kg1 Nc4 33. Kf2 f6
34. h4 Kf7 35. Ke2 Ke6 36. g4 Rg8 37. Kf3 Rd8 38. Re1 Rd3+ 39. Kf2 Rd8 40. g3
Rg8 41. Kf3 Rd8 42. Rg1 Rd3+ 43. Ke2 Re3+ 44. Kf2 Rxe4 45. Kf3 Re3+ 46. Kf2 Rd3
47. Re1 Rd8 48. Ke2 Rg8 49. Kf3 Rg7 50. Rd1 Rg8 51. Nd2 Rd8 52. Ke2 Rxd2+ 53.
Rxd2 Nxd2 54. Kxd2 Kd5 55. Kd3 h5 56. gxh5 f5 57. h6 e4+ 58. Kd2 Kc4 59. Kc2 e3
60. h5 e2 61. Kd2 e1=Q+ 62. Kxe1 Kxc3 63. Ke2 Kb3 64. Ke3 Kxa3 65. Kf4 Kxb4 66.
Kxf5 a5 67. Kf6 a4 68. Kg7 a3 69. Kxh7 a2 70. Kg8 a1=Q 71. h7 Qa2+ 72. Kg7 Qb2+
73. Kg6 Kc5 74. g4 b4 75. Kh6 0-1

[Event "3rd QCP Open &amp; Fort Worth Ch"]
[Site "Fort Worth, TX"]
[Date "2020.07.19"]
[Round "4"]
[White "Abrams, Greyson"]
[Black "Heise, Robert"]
[Result "1/2-1/2"]
[WhiteElo "1459"]
[BlackElo "1567"]
[PlyCount "89"]
[EventDate "2020.07.18"]
[EventType "swiss"]
[EventRounds "5"]
[EventCountry "USA"]

1. e4 Nf6 2. e5 Nd5 3. c4 Nb6 4. Nc3 d6 5. exd6 cxd6 6. d4 Nc6 7. Be3 g6 8. d5
Ne5 9. Bd4 Rg8 10. f4 Nexc4 11. Bxc4 Bd7 12. Bb3 Bh6 13. Qf3 Qc7 14. Qe3 Nc4
15. Bxc4 Qxc4 16. Ne4 Kf8 17. Nc3 g5 18. Qe4 e5 19. dxe6 Bxe6 20. b3 Qa6 21.
Qxh7 Bg7 22. Bxg7+ Rxg7 23. Qh8+ Rg8 24. Qh6+ Rg7 25. Nge2 Bg4 26. Rd1 Rd8 27.
Rd2 Kg8 28. O-O Rg6 29. Qxg6+ fxg6 30. fxg5 Qa5 31. Rd5 Qb6+ 32. Kh1 Qc6 33.
Rfd1 Qa6 34. R1d2 Be6 35. Rb5 Qc6 36. Rb4 Bh3 37. Nd5 Be6 38. Rbd4 Kg7 39. h3
Bf5 40. g4 Be6 41. Nef4 Bxd5+ 42. Rxd5 Kf7 43. Kh2 Qa6 44. Kg2 Qb6 45. h4
1/2-1/2

[Event "3rd QCP Open &amp; Fort Worth Ch"]
[Site "Fort Worth, TX"]
[Date "2020.07.19"]
[Round "4"]
[White "Black, Kendall"]
[Black "Schwetke, Douglas"]
[Result "0-1"]
[WhiteElo "1652"]
[BlackElo "1500"]
[PlyCount "82"]
[EventDate "2020.07.18"]
[EventType "swiss"]
[EventRounds "5"]
[EventCountry "USA"]

1. Nf3 Nf6 2. g3 g6 3. Bg2 Bg7 4. O-O O-O 5. d4 d6 6. c4 Nc6 7. Nc3 a6 8. d5
Na5 9. Nd2 Bd7 10. Qc2 b6 11. b4 Nb7 12. Bb2 Qc8 13. e4 c5 14. a3 b5 15. Rfe1
Ng4 16. Rab1 cxb4 17. axb4 Ne5 18. cxb5 Bxb5 19. Bf1 Bxf1 20. Kxf1 a5 21. Qb3
axb4 22. Qxb4 Nd3 23. Qb3 Na5 24. Qc2 Nxb2 25. Rec1 Qa6+ 26. Kg2 Nd3 27. Rd1
Rfc8 28. Qa4 Bxc3 29. Qd7 Bf6 30. f4 Nc5 31. Qg4 Rcb8 32. Rbc1 Rb2 33. Kh3 Rxd2
34. Rxd2 Nab3 35. Rdc2 Nxc1 36. Rxc1 Nxe4 37. Qd7 h5 38. Re1 Nf2+ 39. Kg2 Qa2
40. Kf1 Ng4 41. Re2 Qc4 0-1

[Event "3rd QCP Open &amp; Fort Worth Ch"]
[Site "Fort Worth, TX"]
[Date "2020.07.19"]
[Round "4"]
[White "Wenz, William"]
[Black "Smith, Alan"]
[Result "0-1"]
[WhiteElo "2001"]
[BlackElo "1664"]
[PlyCount "42"]
[EventDate "2020.07.18"]
[EventType "swiss"]
[EventRounds "5"]
[EventCountry "USA"]

1. e4 e6 2. d4 d5 3. e5 c5 4. c3 Nc6 5. Nf3 Qb6 6. Bd3 Bd7 7. O-O cxd4 8. cxd4
Nxd4 9. Nxd4 Qxd4 10. Qe2 Ne7 11. Rd1 Nc6 12. Bb5 Qxe5 13. Qd2 Bd6 14. g3 O-O
15. Nc3 Rad8 16. a3 Qf6 17. Bxc6 Bxc6 18. Qd3 Bc5 19. Qe2 d4 20. Ne4 Qe5 21.
Nc3 dxc3 0-1